000 00982nam a2200313 i 4500
999 _c68717
_d68717
001 68717
003 Mx-PuUPA
005 20220302075558.0
008 200214s2018 mx |||gr|||| 0|0|0 spa d
020 _a9786070752940
040 _aMx-PuUPA
_bspa
_cMx-PuUPA
_dMx-PuUPA
_erda
041 0 _asp
100 1 _aGarmendia, Germán,
_d1990-
_eautor
_910556
245 1 3 _aDi hola /
_cGermán Garmendia
250 _aPrimera edición /
_boctubre
264 4 _aCiudad de México :
_bEditorial Planeta Mexicana,
_c©2018
300 _a308 páginas ;
_c24 cm
336 _atexto
_2rdacontent
_btxt
337 _asin medio
_2rdamedia
_bn
338 _avolumen
_2rdacarrier
_bnc
650 4 _aAutores
_xNovela
650 4 _aRelaciones hombre - mujer
_xNovela
650 4 _aLuto
_xNovela
942 _2ddc
_cLI
_h863.71
_iG233